Public places - urban spaces / (Record no. 352256)

000 -LEADER
fixed length control field 02113 a2200313 4500
003 - CONTROL NUMBER IDENTIFIER
control field OSt
005 - DATE AND TIME OF LATEST TRANSACTION
control field 20180116192328.0
008 - FIXED-LENGTH DATA ELEMENTS--GENERAL INFORMATION
fixed length control field 120508t xxu||||| |||| 00| 0 eng d
020 ## - INTERNATIONAL STANDARD BOOK NUMBER
International Standard Book Number 0750636327 (paperback)
020 ## - INTERNATIONAL STANDARD BOOK NUMBER
International Standard Book Number 9780750636322 (paperback)
040 ## - CATALOGING SOURCE
Transcribing agency 0
082 04 - DEWEY DECIMAL CLASSIFICATION NUMBER
Classification number 711
100 1# - MAIN ENTRY--PERSONAL NAME
Personal name Carmona, Matthew.
9 (RLIN) 1194
245 10 - TITLE STATEMENT
Title Public places - urban spaces /
Statement of responsibility, etc. Matthew Carmona, Tim Heath, Taner Oc, Steve Tiesdell.
250 ## - EDITION STATEMENT
Edition statement 1st ed.
260 ## - PUBLICATION, DISTRIBUTION, ETC.
Place of publication, distribution, etc. Boston
Name of publisher, distributor, etc. Architectural Press,
Date of publication, distribution, etc. 2003.
300 ## - PHYSICAL DESCRIPTION
Extent vii, 312p. ;
Dimensions 25 cm.
500 ## - GENERAL NOTE
General note Includes index
520 ## - SUMMARY, ETC.
Summary, etc. Public Places - Urban Spaces is a holistic guide to the many complex and interacting dimensions of urban design. The discussion moves systematically through ideas, theories, research and the practice of urban design from an unrivalled range of sources. It aids the reader by gradually building the concepts one upon the other towards a total view of the subject. The author team explain the catalysts of change and renewal, and explore the global and local contexts and processes within which urban design operates. The book presents six key dimensions of urban design theory and practice - the social, visual, functional, temporal, morphological and perceptual - allowing it to be dipped into for specific information, or read from cover to cover. This is a clear and accessible text that provides a comprehensive discussion of this complex subject. * Learn all you need to know about design of urban spaces from this one-stop introductory guide *Gain a comprehensive overview of the topic through the authors' holistic approach *Complex ideas are presented logically for ease of understanding.
650 ## - SUBJECT ADDED ENTRY--TOPICAL TERM
Topical term or geographic name entry element City planning
9 (RLIN) 1195
650 ## - SUBJECT ADDED ENTRY--TOPICAL TERM
Topical term or geographic name entry element Architectural design
9 (RLIN) 1196
650 ## - SUBJECT ADDED ENTRY--TOPICAL TERM
Topical term or geographic name entry element Urban landscape architecture
9 (RLIN) 1197
700 1# - ADDED ENTRY--PERSONAL NAME
Personal name Heath, Tim.
9 (RLIN) 1198
700 1# - ADDED ENTRY--PERSONAL NAME
Personal name Oc, Taner.
9 (RLIN) 1199
700 1# - ADDED ENTRY--PERSONAL NAME
Personal name Tiesdell, Steve.
9 (RLIN) 1200
856 40 - ELECTRONIC LOCATION AND ACCESS
Materials specified Amazon.com
Uniform Resource Identifier <a href="http://www.amazon.com/exec/obidos/ASIN/0750636327/chopaconline-20">http://www.amazon.com/exec/obidos/ASIN/0750636327/chopaconline-20</a>
942 ## - ADDED ENTRY ELEMENTS (KOHA)
Institution code [OBSOLETE] SADA
Koha item type Book
Call number prefix 711 CAR 2003
Source of classification or shelving scheme
Holdings
Withdrawn status Lost status Source of classification or shelving scheme Damaged status Not for loan Permanent Location Current Location Date acquired Total Checkouts Total Renewals Full call number Barcode Date last seen Date last checked out Cost, replacement price Price effective from Koha item type
          School of Art Design and Architecture (SADA) School of Art Design and Architecture (SADA) 10/04/2010 16 10 711 CAR 2003 SADA0000356 12/26/2024 10/25/2024 3681.00 08/05/2011 Book
© 2023 Central Library, National University of Sciences and Technology. All Rights Reserved.